000 00339nam a2200157 a 4500
008 190521s1997|||| d
245 1 0 _aEKG pro praxi
260 _bGRADA
_aPraha
_c1997
958 _aAUL
100 1 _aHampton J.R.
250 _a1.vydanie
300 _a320s.
020 _a8071694266
_c0
041 _acze
044 _aCZ
999 _c20704
_d20704